=LDR 00000nam 2200000 4500 =001 INLIS000000000045649 =005 20150206094733.0 =006 =007 =008 =020 ##$$a 979-21-0648-0 =035 ##$$0010-021500000000209 =040 ##$$a NBPDMAT =082 ##$$a 646.404 =090 ##$$a 646.404$bpoe k =100 ##$$apoespo, Sanny =245 ##$$a Karisma kebaya$cSanny Poespo =260 ##$$a Yogyakarta$bkanisius$c2003 =300 ##$$a 125 hlm.$bilus$c28 cm. =650 ##$$a Pakaian Wanita =850 ##$$a NBPNMAT =990 ##$$a 30503051 =990 ##$$a 0001/BPAP-NTB/20142015